Loading...
| Literature - British | 2 | 8 | 0 | 0 | 110 | 24 | 98.60 | 2 | 6 | 0.00 | 0.00 |
| Beliefs | 0 | 10 | 0 | 2 | 100 | 80 | 113.50 | 0 | 2 | 0.00 | 0.00 |
| Philosophy | 0 | 8 | 1 | 4 | 75 | 104 | 125.63 | 0 | 1 | 0.00 | 0.00 |
| Literature - World | 1 | 5 | 0 | 0 | 65 | 67 | 112.50 | 0 | 1 | 0.00 | 0.00 |
| Literature - European | 2 | 3 | 1 | 1 | 55 | 55 | 99.20 | 0 | 1 | 0.00 | 0.00 |
| Social Science | 1 | 5 | 2 | 0 | 55 | 55 | 104.17 | 1 | 2 | 0.00 | 0.00 |
| Fine Arts - Other Arts | 1 | 3 | 0 | 1 | 45 | 59 | 122.00 | 0 | 2 | 0.00 | 0.00 |
| History - European | 0 | 4 | 1 | 0 | 35 | 79 | 111.00 | 0 | 3 | 0.00 | 0.00 |
| Literature - American | 0 | 4 | 1 | 0 | 35 | 92 | 105.75 | 0 | 2 | 0.00 | 0.00 |
| Fine Arts - Classical Music and Opera | 0 | 4 | 1 | 0 | 35 | 109 | 121.00 | 0 | 0 | 0.00 | 0.00 |
| History - World | 0 | 4 | 1 | 1 | 35 | 93 | 104.25 | 1 | 1 | 0.00 | 0.00 |
| Visual Arts | 0 | 4 | 2 | 0 | 30 | 99 | 129.00 | 0 | 1 | 0.00 | 0.00 |
| Modern World | 0 | 3 | 0 | 2 | 30 | 91 | 118.67 | 0 | 0 | 0.00 | 0.00 |
| Science - Biology | 0 | 3 | 1 | 2 | 25 | 122 | 126.33 | 0 | 0 | 0.00 | 0.00 |
| History - American | 0 | 2 | 1 | 1 | 15 | 123 | 124.50 | 0 | 0 | 0.00 | 0.00 |
| Other Academic | 0 | 1 | 0 | 0 | 10 | 92 | 92.00 | 0 | 0 | 0.00 | 0.00 |
| History - Ancient | 0 | 1 | 0 | 0 | 10 | 119 | 119.00 | 0 | 1 | 0.00 | 0.00 |
| Science - Other | 0 | 1 | 0 | 0 | 10 | 91 | 91.00 | 0 | 0 | 0.00 | 0.00 |
| History - Other | 0 | 1 | 0 | 1 | 10 | 131 | 131.00 | 0 | 0 | 0.00 | 0.00 |